| 000 | 00534nam a2200169Ia 4500 | ||
|---|---|---|---|
| 003 | SGT | ||
| 020 | _a9788131732533 | ||
| 082 |
_a629.89 _bBOL |
||
| 100 | _aBolton, W. | ||
| 245 | _aMechatronics : electronic control systems in mechanical engineering | ||
| 250 | _a4th Ed. | ||
| 260 |
_bPearson _aN.Delhi _c2012 |
||
| 300 | _a593p. | ||
| 650 | _aMECHANICAL ENGINEERING | ||
| 653 | _aINTRODUCING MECHATRONICS, SENSORS AND TRANSDUCERS, SIGNAL CONDITIONING, DIGITAL SIGNALS, DIGITAL LOGIC, DATA PRESENTATION SYSTEMS | ||
| 942 |
_2ddc _cBK |
||
| 999 |
_c5419 _d5419 |
||